| Поле | Название | Значение |
| |
Тип записи |
a |
| |
Библиографический уровень |
m |
| 001 |
Контрольный номер |
RU/URAIT/583990 |
| 005 |
Дата корректировки |
20260429163649.7 |
| 008 |
Кодируемые данные |
260429s2026 RU y f j 000 0 rus u |
| 020 |
Индекс ISBN |
__ |
| a |
ISBN |
978-5-534-21582-3 |
| c |
Цена, тираж |
2199.00 |
| 040 |
Источник каталогиз. |
__ |
| a |
Служба первич. каталог. |
ИКО Юрайт |
| c |
Служба, преобразующая запись |
ИКО Юрайт |
| e |
Правила каталог. |
RCR |
| 041 |
Код языка издания |
__ |
| a |
Код языка текста |
rus |
| 044 |
Код страны публикации |
__ |
| a |
Код страны публикации |
RU |
| 080 |
Индекс УДК |
__ |
| a |
Индекс УДК |
364.4:316.356.2(075.32) |
| 084 |
Индекс другой классификации/Индекс ББК |
__ |
| 2 |
Источник индекса |
rubbk |
| a |
Индекс другой классификации/Индекс ББК |
65.272я723 |
| 100 |
Автор |
__ |
| a |
Автор |
Кононова Л. И. |
| q |
Полное имя |
Кононова Людмила Ивановна |
| 245 |
Заглавие |
__ |
| a |
Заглавие |
Технология социальной работы |
| b |
Продолж. заглавия |
учебник для спо |
| c |
Ответственность |
Л. И. Кононова [и др.] ; под редакцией Л. И. Кононовой, Е. И. Холостовой. |
| 256 |
Характеристики компьютерного файла |
__ |
| a |
Характеристики компьютерного файла |
Электрон. дан. |
| 260 |
Выходные данные |
__ |
| a |
Место издания |
Москва |
| b |
Издательство |
Юрайт |
| c |
Дата издания |
2026 |
| 300 |
Физическое описание |
__ |
| a |
Объем |
426 с |
| 440 |
Серия |
__ |
| a |
Серия |
Профессиональное образование |
| 500 |
Примечания |
__ |
| a |
Примечание |
URL: https://urait.ru/bcode/583990 (дата обращения: 29.04.2026). |
| 520 |
Аннотация |
__ |
| a |
Аннотация |
В учебнике представлены теоретические и методологические основы технологии социальной работы как учебной дисциплины и практики деятельности специалистов социальных учреждений и служб. Определено понятие технологии социальной работы, сущность и содержание процесса, социального инструментария, социальной проблемы, технологизации социальной сферы, представлены технологии практического решения проблем различных социальных групп населения и в разных сферах жизнедеятельности с помощью методов и средств социальной работы. |
| 538 |
Прим. о системных особенностях |
__ |
| a |
Прим. о системных особенностях |
Режим доступа: Электронно-библиотечная система Юрайт, для авториз. пользователей |
| 653 |
Ключевые слова |
__ |
| a |
Ключевые слова |
Социальная работа |
| 653 |
Ключевые слова |
__ |
| a |
Ключевые слова |
Педагогика, психология, социальная работа |
| 653 |
Ключевые слова |
__ |
| a |
Ключевые слова |
Основы социальной работы |
| 653 |
Ключевые слова |
__ |
| a |
Ключевые слова |
Технология социальной работы |
| 653 |
Ключевые слова |
__ |
| a |
Ключевые слова |
Социальная работа |
| 653 |
Ключевые слова |
__ |
| a |
Ключевые слова |
Теория и методика социальной работы |
| 653 |
Ключевые слова |
__ |
| a |
Ключевые слова |
Технологии социальной работы с лицами из групп риска |
| 653 |
Ключевые слова |
__ |
| a |
Ключевые слова |
Технологии социальной работы с пожилыми и инвалидами |
| 653 |
Ключевые слова |
__ |
| a |
Ключевые слова |
Технология социальной работы с семьей и детьми |
| 653 |
Ключевые слова |
__ |
| a |
Ключевые слова |
Социальная политика и технология социальной работы |
| 653 |
Ключевые слова |
__ |
| a |
Ключевые слова |
Технология социальной работы в учреждениях здравоохранения |
| 653 |
Ключевые слова |
__ |
| a |
Ключевые слова |
Технология социальной работы в организациях образования |
| 653 |
Ключевые слова |
__ |
| a |
Ключевые слова |
Технология социальной работы в учреждениях социальной защиты |
| 653 |
Ключевые слова |
__ |
| a |
Ключевые слова |
Технологии социальной работы |
| 653 |
Ключевые слова |
__ |
| a |
Ключевые слова |
Введение в социальную работу |
| 653 |
Ключевые слова |
__ |
| a |
Ключевые слова |
Предоставление социальных услуг гражданам в различных формах социального обслуживания |
| 700 |
Другие авторы |
__ |
| a |
Другие авторы |
Петросян В. А. |
| q |
Полное имя |
Петросян Владимир Аршакович |
| 700 |
Другие авторы |
__ |
| a |
Другие авторы |
Климантова Г. И. |
| q |
Полное имя |
Климантова Галина Ивановна |
| 700 |
Другие авторы |
__ |
| a |
Другие авторы |
Волжина О. И. |
| q |
Полное имя |
Волжина Ольга Ивановна |
| 700 |
Другие авторы |
__ |
| a |
Другие авторы |
Вдовина М. В. |
| q |
Полное имя |
Вдовина Маргарита Владимировна |
| 700 |
Другие авторы |
__ |
| a |
Другие авторы |
Анисимова С. А. |
| q |
Полное имя |
Анисимова Светлана Александровна |
| 700 |
Другие авторы |
__ |
| a |
Другие авторы |
Малофеев И. В. |
| q |
Полное имя |
Малофеев Иван Вячеславович |
| 700 |
Другие авторы |
__ |
| a |
Другие авторы |
Натахина В. В. |
| q |
Полное имя |
Натахина Вера Викторовна |
| 700 |
Другие авторы |
__ |
| a |
Другие авторы |
Попов П. В. |
| q |
Полное имя |
Попов Павел Васильевич |
| 700 |
Другие авторы |
__ |
| a |
Другие авторы |
Савина Л. Ю. |
| q |
Полное имя |
Савина Лариса Юрьевна |
| 700 |
Другие авторы |
__ |
| a |
Другие авторы |
Хухлина В. В. |
| q |
Полное имя |
Хухлина Валентина Владимировна |
| 700 |
Другие авторы |
__ |
| a |
Другие авторы |
Шеляг Т. В. |
| q |
Полное имя |
Шеляг Татьяна Васильевна |
| 700 |
Другие авторы |
__ |
| a |
Другие авторы |
Холостова Е. И. |
| q |
Полное имя |
Холостова Евдокия Ивановна |
| 4 |
Код отношения |
340 |
| 856 |
Электронный адрес документа |
40 |
| n |
Местонахождение сервера |
Юрайт |
| g |
|
Электронная книга |
| q |
Тип электронного формата |
html |
| h |
Имя пользователя |
ЮРАЙТ |
| v |
Часы доступа к ресурсу |
20271231 |
| 2 |
Способ доступа |
Показать документ |
| x |
Служебное примечание |
https://urait.ru/book/cover/A22E05C3-C402-4681-8780-60A4BEC9244E |
| u |
URL |
https://urait.ru/bcode/583990 |
| 856 |
Электронный адрес документа |
48 |
| q |
Тип электронного формата |
cover |
| u |
URL |
https://urait.ru/book/cover/A22E05C3-C402-4681-8780-60A4BEC9244E |
| 911 |
|
__ |
| u |
|
0030=https://urait.ru/bcode/583990 |
| 911 |
|
__ |
| u |
|
073a=9785534215823 |
| u |
|
073d=2199.00 |
| 911 |
|
__ |
| u |
|
106a=s |
| 911 |
|
__ |
| u |
|
900l= |
| 952 |
Тип литературы |
__ |
| i |
Дисциплина |
Основы социальной работы |
| 952 |
Тип литературы |
__ |
| i |
Дисциплина |
Технология социальной работы |
| 952 |
Тип литературы |
__ |
| i |
Дисциплина |
Социальная работа |
| 952 |
Тип литературы |
__ |
| i |
Дисциплина |
Теория и методика социальной работы |
| 952 |
Тип литературы |
__ |
| i |
Дисциплина |
Технологии социальной работы с лицами из групп риска |
| 952 |
Тип литературы |
__ |
| i |
Дисциплина |
Технологии социальной работы с пожилыми и инвалидами |
| 952 |
Тип литературы |
__ |
| i |
Дисциплина |
Технология социальной работы с семьей и детьми |
| 952 |
Тип литературы |
__ |
| i |
Дисциплина |
Социальная политика и технология социальной работы |
| 952 |
Тип литературы |
__ |
| i |
Дисциплина |
Технология социальной работы в учреждениях здравоохранения |
| 952 |
Тип литературы |
__ |
| i |
Дисциплина |
Технология социальной работы в организациях образования |
| 952 |
Тип литературы |
__ |
| i |
Дисциплина |
Технология социальной работы в учреждениях социальной защиты |
| 952 |
Тип литературы |
__ |
| i |
Дисциплина |
Технологии социальной работы |
| 952 |
Тип литературы |
__ |
| i |
Дисциплина |
Введение в социальную работу |
| 952 |
Тип литературы |
__ |
| i |
Дисциплина |
Предоставление социальных услуг гражданам в различных формах социального обслуживания |